| 000 | 00551nam a22001697a 4500 | ||
|---|---|---|---|
| 005 | 20251108175556.0 | ||
| 008 | 250721s2008 xx 000 0 ara d | ||
| 082 | 1 | 4 | _a615.9/إبر |
| 100 | 1 | _aإبراهيم، إسماعيل خليل | |
| 245 | 1 | 0 | _aسموم الأفلا Aflatoxins صفاتها .تراكبيها وآثارها الضارة / |
| 264 | 1 |
_aبيروت : _bدار الكتب العلمية، _c2008. |
|
| 300 | _a174ص. | ||
| 650 | 1 | 7 | _aالسموم |
| 650 | 1 | 7 | _aالسموم الفطرية |
| 942 |
_2ddc _cBK |
||
| 999 |
_c137357 _d137357 |
||